| 000 | 00746 a2200217 4500 | ||
|---|---|---|---|
| 010 | _aENG-89810 | ||
| 020 |
_a9788175413962 _c160.00 |
||
| 035 | _aEN-73343 | ||
| 037 | _bDBAD / PUB | ||
| 082 | 1 | 4 | _a371.077 |
| 090 |
_c11736 _d11736 |
||
| 245 | 1 |
_aEducation, literature and Islam: _cedited by Akhtarul Wasey and Farhat Ehsas _bwritings by Mohammad Mujeeb/ |
|
| 260 |
_aDelhi _bShipra Publications _c2008 |
||
| 270 |
_a115-A, Vikas Marg, Shakarpur _bDelhi _e110 092 |
||
| 300 |
_axiv, 314p. _c23 cm ( Pbk.) |
||
| 500 | _aIncludes index | ||
| 700 | _aWasey, Akhtarul | ||
| 700 | _aEhsas, Farhat | ||
| 942 |
_adpl _cEN _k 371.077/ EDU |
||
| 999 |
_c11407 _d11407 |
||